000 00259nam a22001217a 4500
008 180227b xxu||||| |||| 00| 0 eng d
041 _aeng
080 _a574
100 _a11
101 _aBIO
245 _a BIOLOGY OF PLANTS
_cPETER.H.R
942 _2udc
_cBK
999 _c43659
_d43659